Partidos políticos, organizaciones civiles y medios de comunicación en la transición política /

Gardado en:
Detalles Bibliográficos
Autor Principal: Alvarez Icaza, Emilio
Outros autores: Pastor, Raquel
Formato: Texto
Materias:
Etiquetas: Engadir etiqueta
Sen Etiquetas, Sexa o primeiro en etiquetar este rexistro!

MARC

LEADER 00000 a a2200000 04500
001 2008
003
040
100 |a Alvarez Icaza, Emilio  
245 |a Partidos políticos, organizaciones civiles y medios de comunicación en la transición política /  |c Emilio Alvarez Icaza ; Raquel Pastor 
650 |a PARTIDOS POLITICOS  
650 |a ORGANIZACIONES NO GUBERNAMENTALES  
650 |a MEDIOS DE COMUNICACION DE MASAS  
650 |a MEDIOS DE COMUNICACION  
700 |a Pastor, Raquel  
773 |g número 19; páginas 221-233  
999 |c 30512  |d 30512